| 000 | 00674nam a2200205Ia 4500 | ||
|---|---|---|---|
| 003 | GCL | ||
| 005 | 20240530103041.0 | ||
| 008 | 140319s9999 xx 000 0 ara d | ||
| 040 |
_aGCL / _cGCL |
||
| 082 | 0 | 4 |
_a962.06 _bق/ج ا |
| 100 | 1 | _aجلال يحيى | |
| 245 | 1 | 0 |
_aاصول ثورة يوليو 1952 / _cجلال يحيى |
| 260 |
_aالقاهرة : _bالدار القومية للطباعة والنشر ، _c1964 |
||
| 300 |
_a265 ص؛ _c24 سم |
||
| 650 | 0 | 4 |
_aمصر _xتاريخ _yالعصر الحديث |
| 650 | 0 | 4 |
_aمصر _xتاريخ |
| 650 | 0 | 4 |
_aمصر _xالاحزاب السياسية |
| 650 | 0 | 4 | _aثورة 23 يوليو 1952 |
| 942 |
_2ddc _cBK |
||
| 999 |
_c36452 _d36452 |
||